Fundamentals of biomedical engineering (Registro nro. 312252)

Detalles MARC
000 -ENCABEZADO
Número de control [NR] 00711 a2200229 4500
005 - FECHA Y HORA DE LA ÚLTIMA TRANSACCIÓN
control field 20191011153532.0
008 - DE LONGITUD FIJA DE DATOS DE ELEMENTOS - INFORMACIÓN GENERAL
Elementos de longitud fija [NR] 191011s2007 ii ||||| |||| 00| 0 eng d
020 ## - NUMERO INTERNACIONAL NORMALIZADO PARA LIBROS [R]
Número Internacional Normalizado del libro [NR] 9788122421026
040 ## - FUENTE DE CATALOGACION [NR]
Agencia de catalogación original [NR] CO-BoUCM
Idioma de catalogación [NR] spa
Quien Cataloga Saul Niño
Quien Clasifica Saul Niño
041 0# - CODIGO DE IDIOMA [R]
Código de idioma para texto/pista de sonido o título separado [R] Inglés
060 ## - SIGNATURA TOPOGRAFICA DE LA BIBLIOTECA NACIONAL DE MEDICINA (NLM) [R]
Número clasificador [R] QT 36
100 10 - ASIENTO PRINCIPAL--NOMBRE PERSONAL [NR]
Nombre personal [NR] Sawhney, G. S.
ID Autoridad 98795
245 10 - MENCION DE TITULO [NR]
Título [NR] Fundamentals of biomedical engineering
Mención de responsabilidad, etc. [NR] G. S. Sawhney
260 ## - PUBLICACION, DISTRIBUCION, ETC. (PIE DE IMPRENTA) [R]
Lugar de publicación, distribución, etc. [R] New Delhi
Nombre del editor, distribuidor, etc. [R] New Age International
Fecha de publicación, distribución, etc. [R] 2007
300 ## - DESCRIPCION FISICA [R]
Extensión [R] 264 páginas
650 #7 - ASIENTO SECUNDARIO DE MATERIA - TERMINO TEMATICO [R]
9 (RLIN) 17611
Término temático o nombre geográfico como elemento de entrada [NR] Ingeniería biomédica
650 #7 - ASIENTO SECUNDARIO DE MATERIA - TERMINO TEMATICO [R]
9 (RLIN) 19057
Término temático o nombre geográfico como elemento de entrada [NR] Materiales biomédicos
650 #7 - ASIENTO SECUNDARIO DE MATERIA - TERMINO TEMATICO [R]
9 (RLIN) 10159
Término temático o nombre geográfico como elemento de entrada [NR] Biotecnología
650 #7 - ASIENTO SECUNDARIO DE MATERIA - TERMINO TEMATICO [R]
9 (RLIN) 10139
Término temático o nombre geográfico como elemento de entrada [NR] Biomecánica
942 ## - ELEMENTOS DE ENTRADA AGREGADOS (KOHA)
Tipo de ítem principal el descrito en 300a Libro
Sistema de clasificación NLM
Tema principal Medicina
Edición 1
Clasificación QT 36
Parte restante de la signatura top. S271f
Existencias
Fecha de último préstamo Total préstamos Signatura topográfica Código de barras Última vez visto Ejemplar Costo de reposición Price effective from Tipo de ítem Perdido Sistema de clasificación Dañado No prestable Tipo de ítem específico Suprimido Ubicación habitual Ubicación actual Localización Fecha de creación Proveedor Forma de adquisición Costo Total Renewals
11/12/2021 1 QT 36 S271f 100164465 11/12/2025 Ej.1 192320.00 08/10/2019 Libro   NLM     Libro   Quinta de Mutis Quinta de Mutis 1er piso 08/10/2019 19 Compra 192320.00  
25/02/2022 3 QT 36 S271f 100164466 11/12/2025 Ej.2 192320.00 08/10/2019 Libro   NLM     Libro   Quinta de Mutis Quinta de Mutis 1er piso 08/10/2019 19 Compra 192320.00 3